Representaciones sociales en líderes de organizaciones artesanales en Tonalá, Jalisco : utopías y realidades /

Se pretende recuperar los discursos de la memoria histórica e interiorizada de los líderes de las organizaciones artesanales más representativas en Tonalá a partir de 1920 hasta nuestros días. Además se analizan las representaciones sociales con las que se pretende visualizar la dinámica de la cultu...

ver descrição completa

Na minha lista:
Detalhes bibliográficos
Autor principal: Lombardi González, Karla Susana (autor)
Formato: Tesis Livro
Idioma:espanhol
Assuntos:
Tags: Adicionar Tag
Sem tags, seja o primeiro a adicionar uma tag!

MARC

LEADER 00000nam^a2200000^a^4500
001 000278442
005 20250521000000.0
009 20260310111406.02
037 |a Acervo ITESO - Biblioteca 
041 |a ESP 
090 |a MCD. 55 
100 |a Lombardi González, Karla Susana  |e (autor) 
245 1 0 |a Representaciones sociales en líderes de organizaciones artesanales en Tonalá, Jalisco :  |b utopías y realidades /  |c K.S. Lombardi González. 
264 |a Guadalajara, México :  |b edición de autor,  |c 2008 
300 |a 1 disco compacto de computadora 
336 |a datos para computadora  |b cod  |2 rdacontenido 
337 |a computadora  |b c  |2 rdamedio 
338 |a disco de computadora  |b cd  |2 rdasoporte 
502 |a ITESO Tesis de Maestría en Comunicación, Especialidad en Difusión de la Ciencia y la Cultura 
520 |a Se pretende recuperar los discursos de la memoria histórica e interiorizada de los líderes de las organizaciones artesanales más representativas en Tonalá a partir de 1920 hasta nuestros días. Además se analizan las representaciones sociales con las que se pretende visualizar la dinámica de la cultura y sus elementos generales históricos, institucionales y organizacionales que hacen significativa la práctica colectiva de los artesanos. 
649 |a XX 
650 |a Artesanos Jaliscienses -  |x Condiciones Sociales y Culturales -  |x Tema Principal 
650 |a Artesanos Mexicanos -  |x Condiciones Sociales y Culturales 
650 |a Artesanía -  |z Tonalá, Jalisco -  |x Historia 
650 |a Artesanía -  |z Jalisco -  |x Historia 
650 |a Artesanía -  |z México -  |x Historia y Crítica 
650 |a Representación Social -  |z Tonalá, Jalisco -  |x Tema Principal 
650 |a Representación Social -  |z Jalisco 
650 |a Representación Social -  |z México 
650 |a Sociología de la Cultura 
910 |a Fondo General 
920 |a Electrónicos - Tesis del ITESO en Disco 
905 |a 202 
901 |a 0500164148  |b IT2  |c STS  |u 20250521 
902 |a https://opac.biblio.iteso.mx/vufind/Record/000278442